000
00245nam a22001217a 4500
008
170426b xxu||||| |||| 00| 0 eng d
041
_a
eng
080
_a
54
100
_a
12
101
_a
SHN
245
_a
KIMIA 9
_c
ANDONI.E
942
_2
udc
_c
BK
999
_c
12022
_d
12022